Studies of pre-Selma Cretaceous core samples from the outcrop area in western Alabama; (Record no. 29891)

MARC details
000 -LEADER
fixed length control field 01603cam a22002891 4500
001 - CONTROL NUMBER
control field gs 64000316
003 - CONTROL NUMBER IDENTIFIER
control field DLC
005 - DATE AND TIME OF LATEST TRANSACTION
control field 20260227111415.0
008 - FIXED-LENGTH DATA ELEMENTS--GENERAL INFORMATION
fixed length control field 780805s1964 dcuabd b f000 0 eng
010 ## - LIBRARY OF CONGRESS CONTROL NUMBER
LC control number gs 64000316
035 ## - SYSTEM CONTROL NUMBER
System control number (OCoLC)4112608
040 ## - CATALOGING SOURCE
Original cataloging agency DLC
Transcribing agency OClU
Modifying agency OCoLC
-- DLC
050 00 - LIBRARY OF CONGRESS CALL NUMBER
Classification number QE75
Item number .B9 no. 1160
051 ## - LIBRARY OF CONGRESS COPY, ISSUE, OFFPRINT STATEMENT
Classification number QE81
Item number .U5
110 2# - MAIN ENTRY--CORPORATE NAME
Corporate name or jurisdiction name as entry element Geological Survey (U.S.)
245 10 - TITLE STATEMENT
Title Studies of pre-Selma Cretaceous core samples from the outcrop area in western Alabama;
Statement of responsibility, etc. a group of papers by W. H. Monroe [and othes]
260 ## - PUBLICATION, DISTRIBUTION, ETC.
Place of publication, distribution, etc. Washington,
Name of publisher, distributor, etc. U.S. Govt. Print. Off.,
Date of publication, distribution, etc. 1964.
300 ## - PHYSICAL DESCRIPTION
Extent ix, 108 p.
Other physical details illus., maps, diagrs. (1 fold. in pocket) tables.
Dimensions 24 cm.
410 20 - SERIES STATEMENT/ADDED ENTRY--CORPORATE NAME [OBSOLETE, CAN/MARC], [LOCAL, USA]
Corporate name or jurisdiction name as entry element Geological Survey (U.S.)
Title of a work Bulletin,
Volume number/sequential designation 1160
500 ## - GENERAL NOTE
General note Chapters have individual title pages.
504 ## - BIBLIOGRAPHY, ETC. NOTE
Bibliography, etc. note Includes bibliographies.
505 0# - FORMATTED CONTENTS NOTE
Formatted contents note A. General description of cores of pre-Selma Cretaceous strata in western Alabama, by W. H. Monroe--B. Petrology of pre-Selma strata from core holes in western Alabama, by R. E. Bergenback.--C. Pre-Selma larger invertebrate fossils from well core samples in western Alabama, by N. F. Sohl.--D. A microfauna from the Coker formation, Alabama, by E. R. Applin.--E. A preliminary report on the pollen and spores of the pre-Selma Upper Cretaceous strata of western Alabama, by E. B. Leopold and H. M. Pakiser.--F. General remarks on the pre-Selma Cretaceous strata of western Alabama, by L. C. Conant.
650 #0 - SUBJECT ADDED ENTRY--TOPICAL TERM
Topical term or geographic name entry element Geology
Geographic subdivision Alabama
650 #0 - SUBJECT ADDED ENTRY--TOPICAL TERM
Topical term or geographic name entry element Geology, Stratigraphic
Chronological subdivision Cretaceous
650 #0 - SUBJECT ADDED ENTRY--TOPICAL TERM
Topical term or geographic name entry element Borings
Geographic subdivision Alabama
700 1# - ADDED ENTRY--PERSONAL NAME
Personal name Monroe, Watson Hiner,
Dates associated with a name 1907-

No items available.

Powered by Koha